00610nam a2200193 i 450000100060000000300090000600500170001500700030003200800410003508000240007608000240010010000440012424500700016826000510023830000200028960000350030965100480034485200240039238104ES-MaACL20250821111648.0t|030224m18761877sp ||||1| spa d a929 Felipe (460) II a929 Felipe (460) II1 aCabrera de Córdoba, Luis, d1559-162310aFelipe segundo b: Rey de España / cLuis Cabrera de Córdoba. aMadrid : b[s.n.], c1876-77 (fAntau y Comp.) a4 v. ; c31 cm.04aFelipe bII, cRey de España 4aEspaña-xHistoria-y1556-1598, Felipe II. aES-MaACLjB-1479-82